From Nones to Yeses Pastoral Care among Nones in Central Europe /
Elmentve itt :
| Szerző: | |
|---|---|
| Dokumentumtípus: | Könyv része |
| Megjelent: |
RVP
Washington DC
2024
|
| Sorozat: | Cultural Heritage and Contemporary Change, Series VIII, Christian Philosophical Studies
The Faith and Beliefs of “Nonbelievers” |
| Tárgyszavak: | |
| mtmt: | 34727429 |
| Online Access: | http://publicatio.bibl.u-szeged.hu/34631 |
| LEADER | 00961naa a2200229 i 4500 | ||
|---|---|---|---|
| 001 | publ34631 | ||
| 005 | 20240916104003.0 | ||
| 008 | 240916s2024 hu o 000 eng d | ||
| 020 | |a 9781565183544 | ||
| 024 | 7 | |a 34727429 |2 mtmt | |
| 040 | |a SZTE Publicatio Repozitórium |b hun | ||
| 041 | |a eng | ||
| 100 | 2 | |a Máté-Tóth András | |
| 245 | 1 | 5 | |a From Nones to Yeses |h [elektronikus dokumentum] : |b Pastoral Care among Nones in Central Europe / |c Máté-Tóth András |
| 260 | |a RVP |b Washington DC |c 2024 | ||
| 300 | |a 10 | ||
| 300 | |a 257-266 | ||
| 490 | 0 | |a Cultural Heritage and Contemporary Change, Series VIII, Christian Philosophical Studies | |
| 490 | 0 | |a The Faith and Beliefs of “Nonbelievers” | |
| 650 | 4 | |a Filozófia, etika és vallástudományok | |
| 856 | 4 | 0 | |u http://publicatio.bibl.u-szeged.hu/34631/1/34727429.pdf |z Dokumentum-elérés |
| 856 | 4 | 0 | |u http://publicatio.bibl.u-szeged.hu/34631/2/TheFaithandBeliefsofNonbelievers_title_toc.pdf |z Dokumentum-elérés |